000 00355nam a2200109Ia 4500
008 171204s9999 xx 000 0 und d
245 _aCase Approach To Counseling And Psychotherapy:
245 _cGerald Corey
260 _c2015
650 _xPSYCHOLOGICAL COUNSELING AND PSYCHOTHERAPY
856 _uhttp://down.ebook777.com/018/CasAppToCouAndPsy8thEdi.pdf
999 _c346493
_d346493